000 00740nam a2200289Ia 4500
005 20260324132404.0
008 008 260324s9999 xx 000 0 eng d
020 _a9780203448250
037 _aEBOOK
040 _aCRL
040 _beng
040 _cCRL
041 _2eng
041 _aeng
084 _qCRL
100 _aMushtaq Husain Khan; Inge Amundsen; George Giacaman
_91189094
245 0 _aState Formation in Palestine
245 0 _bViability and Governance during a Social Transformation
260 _bTaylor and Francis
260 _c2004
365 _a
365 _b240
856 _uhttp://www.taylorfrancis.com/books/9780203448250
942 _cEBOOK
999 _c1787168
_d1787168